000 00879nam a2200229 i 4500
001 161266
003 ES-MaACL
005 20260204113151.0
008 981110s1902 sp |||| | spa d
040 _aAS
_bspa
_cAS
100 1 _aPalacio Valdés, Armando,
_d1853-1938
_988382
245 1 0 _aJosé
_b; ¡Solo! ; Seducción /
_cArmando Palacio Valdés.
260 _aMadrid :
_bLibrería de Victoriano Suérez,
_c1902.
300 _a299, 33, 25 p. ;
_c19 cm.
490 1 _aObras completas de Armando Palacio Valdés ;
_v8
530 _aDisponible en formato digital.
800 _9236486
_aPalacio Valdés, Armando,
_d1853-1938.
_tObras ;
_v8
852 _aES-MaACL
_jB-4038
_xEncuadernación pasta española
_cSPB
856 4 _uhttp://bdh-rd.bne.es/viewer.vm?id=0000251576&page=1
_yBiblioteca Digital Hispánica
942 _2udc
999 _c161266
_d161266